Ricostruisci la Carriera del Calciatore - Sead Kolašinac - Statistics

Statistiche generali
  • Questo quiz è stato fatto 4 volte
  • Il punteggio medio è 4 su 7
Statistiche sulle risposte
Hint Risposta % Corretto
2012-2017 Schalke 04
100%
2012-2015 Schalke 04 II
100%
2017-2021 Arsenal
67%
2023- Atalanta
67%
2022-2023 Olympique Marsiglia
67%
2021-2022 Arsenal
33%
2021 Schalke 04
0%
Nessun quiz corrispondente trovato
Distribuzione punteggi
Percentuale di utenti per punteggio
Percentile per numero di risposta
I tuoi punteggi nel tempo
Non hai fatto questo quiz